[Event "Berlin Kreuzberg"]
[Site "Berlin"]
[Date "2018.08.09"]
[Round "4"]
[White "Glantz, Robert"]
[Black "Barath, Madhan"]
[Result "0-1"]
[WhiteElo "2336"]
[BlackElo "2307"]
[PlyCount "58"]
[EventDate "2018.08.06"]
[EventType "tourn"]
[EventRounds "9"]
[EventCountry "GER"]
[EventCategory "4"]
[SourceTitle "CBM 185 Extra"]
[Source "ChessBase"]
[SourceDate "2018.07.29"]
[SourceVersion "1"]
[SourceVersionDate "2018.07.29"]
[SourceQuality "1"]

1. Nf3 Nf6 2. b3 d6 3. d4 g6 4. Bb2 Bg7 5. g3 0-0 6. Bg2 c5 7. c4 Nc6 8. 0-0 Ne4 9. h3 f5 10. e3 e5 11. Na3 exd4 12. exd4 Ng5 13. Nc2 f4 14. g4 Nxh3+ 15. Bxh3 h5 16. Nh2 f3 17. Re1 hxg4 18. Kh1 Qh4 19. Bxg4 Bxg4 20. Rg1 Bh3 21. Rg3 Bg2+ 22. Kg1 Rf5 23. Rg4 Qh3 24. Ne3 Rh5 25. Rxg2 fxg2 26. Neg4 cxd4 27. Bc1 Ne5 28. Bf4 Nxg4 29. Qxg4 Qxg4 0-1

[Event "Berlin Kreuzberg"]
[Site "Berlin"]
[Date "2018.08.08"]
[Round "3"]
[White "Barath, Madhan"]
[Black "Kalinitschew, Sergey"]
[Result "0-1"]
[WhiteElo "2307"]
[BlackElo "2430"]
[PlyCount "50"]
[EventDate "2018.08.06"]
[EventType "tourn"]
[EventRounds "9"]
[EventCountry "GER"]
[EventCategory "4"]
[SourceTitle "CBM 185 Extra"]
[Source "ChessBase"]
[SourceDate "2018.07.29"]
[SourceVersion "1"]
[SourceVersionDate "2018.07.29"]
[SourceQuality "1"]

1. e4 e6 2. d4 d5 3. Nc3 Nf6 4. e5 Nfd7 5. f4 c5 6. Nf3 Nc6 7. Be3 Be7 8. Qd2 0-0 9. 0-0-0 c4 10. f5 b5 11. Ne2 exf5 12. Nf4 Nb6 13. Qf2 Be6 14. Qg3 Kh8 15. Nh5 Rg8 16. Ng5 Bxg5 17. Bxg5 Qf8 18. Qh4 Na4 19. c3 b4 20. Re1 bxc3 21. Re3 cxb2+ 22. Kb1 f4 23. Nxf4 Bf5+ 24. Nd3 Nc3+ 25. Kxb2 Nd1+ 0-1

[Event "Lueneburg GM"]
[Site "Lueneburg"]
[Date "2018.07.10"]
[Round "6"]
[White "Barath, Madhan"]
[Black "Malakhatko, Vadim"]
[Result "0-1"]
[WhiteElo "2321"]
[BlackElo "2499"]
[PlyCount "118"]
[EventDate "2018.07.05"]
[EventType "tourn"]
[EventRounds "9"]
[EventCountry "GER"]
[EventCategory "7"]
[SourceTitle "CBM 185 Extra"]
[Source "ChessBase"]
[SourceDate "2018.07.29"]
[SourceVersion "1"]
[SourceVersionDate "2018.07.29"]
[SourceQuality "1"]

1. d4 d5 2. c4 dxc4 3. e4 Nf6 4. e5 Nd5 5. Bxc4 Nb6 6. Bd3 Nc6 7. Be3 Nb4 8. Be4 N4d5 9. Nc3 c6 10. Nf3 g6 11. h4 Nxe3 12. fxe3 Bg4 13. Qd3 Bh6 14. Ng5 Qd7 15. Bf3 Bf5 16. e4 Be6 17. Rd1 Bc4 18. Qc2 f6 19. Na4 Nxa4 20. Qxc4 Bxg5 21. Qxa4 Bf4 22. exf6 exf6 23. 0-0 0-0 24. Qb3+ Kh8 25. Be2 Bc7 26. h5 Bb6 27. Qd3 Rad8 28. Kh1 Bxd4 29. e5 fxe5 30. hxg6 Qg7 31. g3 Qxg6 32. Qxg6 hxg6 33. b3 Kg7 34. Kg2 Rxf1 35. Rxf1 e4 36. Bc4 Rd7 37. Re1 Re7 38. Bd3 e3 39. Re2 Rf7 40. Kh3 Rf2 41. Kg4 Kf6 42. Rxf2+ exf2 43. Kf4 b5 44. Ke4 Bb6 45. Kf4 a6 46. Ke4 Ke6 47. Bf1 Kd6 48. Kd3 Kc5 49. Kc3 Ba5+ 50. Kd3 Kb4 51. Kc2 Bc7 52. g4 g5 53. Be2 Be5 54. Bf1 Ka3 55. Kb1 a5 56. Be2 a4 57. bxa4 Kxa4 58. Kc2 c5 59. Bf1 c4 0-1

[Event "Lueneburg GM"]
[Site "Lueneburg"]
[Date "2018.07.05"]
[Round "2"]
[White "Barath, Madhan"]
[Black "Reuker, Jari"]
[Result "1/2-1/2"]
[WhiteElo "2321"]
[BlackElo "2377"]
[PlyCount "67"]
[EventDate "2018.07.05"]
[EventType "tourn"]
[EventRounds "9"]
[EventCountry "GER"]
[EventCategory "7"]
[SourceTitle "CBM 185 Extra"]
[Source "ChessBase"]
[SourceDate "2018.07.29"]
[SourceVersion "1"]
[SourceVersionDate "2018.07.29"]
[SourceQuality "1"]

1. d4 Nf6 2. c4 e6 3. Nc3 Bb4 4. Qc2 0-0 5. e4 d5 6. e5 Ne4 7. Bd3 c5 8. Nge2 cxd4 9. Nxd4 Nd7 10. Bf4 Qh4 11. g3 Qh5 12. 0-0 Bxc3 13. bxc3 g5 14. cxd5 exd5 15. Bxe4 dxe4 16. e6 gxf4 17. exd7 fxg3 18. fxg3 Bxd7 19. Qxe4 b6 20. Nf5 Rae8 21. Qd5 Bxf5 22. Rxf5 Qe2 23. Raf1 Qe3+ 24. R1f2 Qe1+ 25. Kg2 Qe4+ 26. Qxe4 Rxe4 27. Rg5+ Kh8 28. Rd5 Re7 29. a4 Rc8 30. Rf3 Rec7 31. a5 Kg7 32. axb6 axb6 33. Rg5+ Kf8 34. Rb5 1/2-1/2

[Event "Pfalz op-A 9th"]
[Site "Neustadt an der Weinstrasse"]
[Date "2018.02.11"]
[Round "4"]
[White "Koelle, Tobias"]
[Black "Barath, Madhan"]
[Result "1-0"]
[WhiteElo "2174"]
[BlackElo "2352"]
[PlyCount "57"]
[EventDate "2018.02.09"]
[EventType "swiss"]
[EventRounds "9"]
[EventCountry "GER"]
[SourceTitle "CBM 182 Extra"]
[Source "ChessBase"]
[SourceDate "2018.02.23"]
[SourceVersion "1"]
[SourceVersionDate "2018.02.23"]
[SourceQuality "1"]

1. d4 Nf6 2. c4 g6 3. Nc3 Bg7 4. e4 d6 5. f3 0-0 6. Be3 Nc6 7. Qd2 a6 8. 0-0-0 Bd7 9. g4 b5 10. h4 e5 11. d5 Nd4 12. Nce2 Nxf3 13. Nxf3 Bxg4 14. Neg1 Nxe4 15. Qg2 h5 16. Be2 Bf5 17. Ng5 Nxg5 18. hxg5 Qd7 19. c5 b4 20. c6 Qe7 21. Nf3 a5 22. Nh4 Bc8 23. Rdf1 e4 24. Bxh5 Qe5 25. Bxg6 Ba6 26. Rf5 Qxb2+ 27. Qxb2 Bxb2+ 28. Kxb2 fxg6 29. Nxg6 1-0

[Event "Berlin Lichtenrade op 13th"]
[Site "Berlin"]
[Date "2017.11.04"]
[Round "8"]
[White "Barath, Madhan"]
[Black "Gebigke, Martin"]
[Result "0-1"]
[WhiteElo "2378"]
[BlackElo "2111"]
[PlyCount "84"]
[EventDate "2017.10.28"]
[EventType "swiss"]
[EventRounds "9"]
[EventCountry "GER"]
[SourceTitle "CBM 181 Extra"]
[Source "ChessBase"]
[SourceDate "2017.12.12"]
[SourceVersion "1"]
[SourceVersionDate "2017.12.12"]
[SourceQuality "1"]

1. d4 Nf6 2. c4 e6 3. Nc3 Bb4 4. e3 0-0 5. Nge2 c6 6. a3 Ba5 7. g3 d5 8. Bg2 dxc4 9. 0-0 Nbd7 10. Qa4 b5 11. Qc2 Qb6 12. Rb1 Bb7 13. b4 cxb3 14. Rxb3 a6 15. e4 e5 16. dxe5 Ng4 17. Bf4 Qc5 18. h3 Ngxe5 19. Be3 Qe7 20. Bc1 Bb6 21. Nd1 c5 22. Nf4 c4 23. Rb1 Nf6 24. Nc3 Bc5 25. Ra1 Rad8 26. Ncd5 Nxd5 27. exd5 Ng6 28. Rd1 Rd6 29. Nxg6 Rxg6 30. Bf4 Bd6 31. Be4 Bxf4 32. Bxg6 fxg6 33. gxf4 Rxf4 34. Qc3 Qf7 35. Qe5 Qf8 36. Ra2 h6 37. Re2 Kh7 38. d6 Rf5 39. Qc3 Rf3 40. Re3 Rxf2 41. Rg3 Rh2 42. Rf3 Bxf3 0-1

[Event "Berlin Lichtenrade op 13th"]
[Site "Berlin"]
[Date "2017.11.02"]
[Round "6"]
[White "Barath, Madhan"]
[Black "Silz, Elisa"]
[Result "1-0"]
[WhiteElo "2378"]
[BlackElo "1970"]
[PlyCount "71"]
[EventDate "2017.10.28"]
[EventType "swiss"]
[EventRounds "9"]
[EventCountry "GER"]
[SourceTitle "CBM 181 Extra"]
[Source "ChessBase"]
[SourceDate "2017.12.12"]
[SourceVersion "1"]
[SourceVersionDate "2017.12.12"]
[SourceQuality "1"]

1. d4 Nf6 2. c4 g6 3. Nc3 Bg7 4. e4 0-0 5. Be2 d6 6. Bg5 c5 7. d5 h6 8. Bf4 Qa5 9. Qd2 Kh7 10. Bd3 Ng4 11. Nf3 Nd7 12. h4 Nge5 13. Nxe5 Nxe5 14. Bxe5 dxe5 15. h5 Bd7 16. g3 Bg4 17. Be2 Bxe2 18. Qxe2 a6 19. Kf1 Rad8 20. Kg2 Rd6 21. Nd1 b5 22. Ne3 Rb8 23. b3 b4 24. hxg6+ fxg6 25. Qd2 Qd8 26. Raf1 Qd7 27. Nc2 h5 28. Ne1 Rf6 29. Nd3 Qd6 30. f4 Rff8 31. Qe2 Kg8 32. f5 Rbc8 33. fxg6 Qxg6 34. Rxf8+ Rxf8 35. Nxc5 Bh6 36. Qxh5 1-0

[Event "Berlin Lichtenrade op 13th"]
[Site "Berlin"]
[Date "2017.10.31"]
[Round "4"]
[White "Barath, Madhan"]
[Black "Polatel, Ali"]
[Result "0-1"]
[WhiteElo "2378"]
[BlackElo "2268"]
[PlyCount "44"]
[EventDate "2017.10.28"]
[EventType "swiss"]
[EventRounds "9"]
[EventCountry "GER"]
[SourceTitle "CBM 181 Extra"]
[Source "ChessBase"]
[SourceDate "2017.12.12"]
[SourceVersion "1"]
[SourceVersionDate "2017.12.12"]
[SourceQuality "1"]

1. d4 f5 2. c4 Nf6 3. Nc3 g6 4. h4 Bg7 5. h5 Nxh5 6. e4 fxe4 7. Rxh5 gxh5 8. Qxh5+ Kf8 9. Nxe4 Qe8 10. Qh4 d6 11. Bd3 Nd7 12. Be3 Nf6 13. Ng3 Qf7 14. Nh3 Bxh3 15. Qxh3 e6 16. 0-0-0 h5 17. Ne4 Nxe4 18. Bxe4 d5 19. Bd3 Re8 20. Qg3 h4 21. Qg4 Qf6 22. Bg5 Qxg5+ 0-1

[Event "Berlin Lichtenberger op 16th"]
[Site "Berlin"]
[Date "2017.08.20"]
[Round "2"]
[White "Gebert Vangeel, Ralf"]
[Black "Barath, Madhan"]
[Result "0-1"]
[WhiteElo "2060"]
[BlackElo "2285"]
[PlyCount "110"]
[EventDate "2017.08.19"]
[EventType "swiss"]
[EventRounds "9"]
[EventCountry "GER"]
[SourceTitle "CBM 180 Extra"]
[Source "ChessBase"]
[SourceDate "2017.10.06"]
[SourceVersion "1"]
[SourceVersionDate "2017.10.06"]
[SourceQuality "1"]

1. e4 c5 2. Nf3 d6 3. c3 Nf6 4. Be2 g6 5. 0-0 Bg7 6. d3 0-0 7. h3 Nc6 8. Be3 e5 9. Nh2 Qe7 10. Nd2 Be6 11. f4 exf4 12. Bxf4 Nd7 13. Ng4 d5 14. Bf3 d4 15. Rc1 Nde5 16. Nxe5 Nxe5 17. Be2 Qd7 18. c4 Rae8 19. Nf3 f6 20. a3 Bxh3 21. gxh3 Qxh3 22. Qe1 Bh6 23. Bxh6 Qxh6 24. Nxe5 Rxe5 25. Bf3 f5 26. Rc2 f4 27. Rg2 Qh3 28. Kf2 Qh4+ 29. Ke2 Qf6 30. Rh1 h5 31. Qh4 Kf7 32. Qh3 Ke7 33. Rhg1 Rg8 34. Kd2 a6 35. Rb1 a5 36. b3 Qb6 37. Qh4+ Qf6 38. Qh3 Ra8 39. Ra1 Rg8 40. Rb1 Ra8 41. Kc2 Rh8 42. Rbg1 g5 43. Rh2 a4 44. Rb1 Qc6 45. Qg2 g4 46. Rg1 axb3+ 47. Kxb3 Ra8 48. Kb2 Qa6 49. Ra1 Qa5 50. Bd1 Qc3+ 51. Kb1 Qxd3+ 52. Qc2 Qf1 53. Rf2 Qe1 54. Rxf4 Re6 55. Ka2 Rxa3+ 0-1

[Event "Berlin Werner Ott op"]
[Site "Berlin"]
[Date "2017.07.22"]
[Round "8"]
[White "Barath, Madhan"]
[Black "Stern, Rene"]
[Result "1/2-1/2"]
[WhiteElo "2227"]
[BlackElo "2488"]
[PlyCount "80"]
[EventDate "2017.07.15"]
[EventType "swiss"]
[EventRounds "9"]
[EventCountry "GER"]
[SourceTitle "EXT 2019"]
[Source "ChessBase"]
[SourceDate "2018.10.10"]
[SourceVersion "1"]
[SourceVersionDate "2018.10.10"]
[SourceQuality "1"]

1. e4 e5 2. Nf3 Nc6 3. Bb5 a6 4. Ba4 Nf6 5. 0-0 Be7 6. Re1 b5 7. Bb3 d6 8. c3 0-0 9. h3 Na5 10. Bc2 c5 11. d4 Qc7 12. Nbd2 Nc6 13. d5 Nd8 14. Nf1 Bd7 15. N3h2 Ne8 16. a4 Rb8 17. axb5 axb5 18. f4 exf4 19. Bxf4 f6 20. Ng3 Nf7 21. Nf5 Bd8 22. Qd3 Ne5 23. Qg3 Kh8 24. Ng4 Bxf5 25. exf5 Qb7 26. Be4 Bb6 27. Kh2 c4 28. Ne3 Nc7 29. Nc2 Na6 30. Nd4 Nc5 31. Ne6 Rg8 32. Bxe5 fxe5 33. Qh4 Bd8 34. Qh5 Nxe4 35. Rxe4 Qxd5 36. Nxd8 Rgxd8 37. Rh4 Qg8 38. Ra7 Ra8 39. Re7 Re8 40. Rd7 Red8 1/2-1/2

[Event "Berlin Werner Ott op"]
[Site "Berlin"]
[Date "2017.07.19"]
[Round "5"]
[White "Sechting, Martin"]
[Black "Barath, Madhan"]
[Result "0-1"]
[WhiteElo "2021"]
[BlackElo "2227"]
[PlyCount "38"]
[EventDate "2017.07.15"]
[EventType "swiss"]
[EventRounds "9"]
[EventCountry "GER"]
[SourceTitle "EXT 2019"]
[Source "ChessBase"]
[SourceDate "2018.10.10"]
[SourceVersion "1"]
[SourceVersionDate "2018.10.10"]
[SourceQuality "1"]

1. d4 Nf6 2. c4 g6 3. Nc3 Bg7 4. e4 d6 5. f4 c5 6. d5 0-0 7. Nf3 e6 8. dxe6 fxe6 9. Be2 Nc6 10. Be3 Ng4 11. Qd2 Nxe3 12. Qxe3 Nd4 13. 0-0-0 Bh6 14. g3 e5 15. Nd5 exf4 16. gxf4 Rxf4 17. Nxf4 Bxf4 18. Kd2 Nxf3+ 19. Bxf3 Qg5 0-1

[Event "Berlin Werner Ott op"]
[Site "Berlin"]
[Date "2017.07.17"]
[Round "3"]
[White "Pubantz, Jan"]
[Black "Barath, Madhan"]
[Result "0-1"]
[WhiteElo "2013"]
[BlackElo "2227"]
[PlyCount "118"]
[EventDate "2017.07.15"]
[EventType "swiss"]
[EventRounds "9"]
[EventCountry "GER"]
[SourceTitle "EXT 2019"]
[Source "ChessBase"]
[SourceDate "2018.10.10"]
[SourceVersion "1"]
[SourceVersionDate "2018.10.10"]
[SourceQuality "1"]

1. d4 Nf6 2. c4 g6 3. Nc3 Bg7 4. e4 d6 5. Nf3 0-0 6. Be2 e5 7. Be3 Ng4 8. Bg5 f6 9. Bh4 g5 10. Bg3 Nh6 11. h3 Nc6 12. d5 Ne7 13. Qd2 Nf7 14. Qc2 c6 15. 0-0-0 cxd5 16. cxd5 Bd7 17. Kb1 Qa5 18. Qb3 b5 19. Nxb5 Rfb8 20. Qc3 Rxb5 21. Bxb5 Qxc3 22. bxc3 Bxb5 23. Nd2 Rc8 24. Rc1 Ng6 25. c4 Ba6 26. f3 Nf4 27. Bxf4 exf4 28. Rc3 f5 29. Ra3 Bxc4 30. Nxc4 Rxc4 31. Rxa7 Bd4 32. Ra8+ Kg7 33. exf5 Ne5 34. Rd8 Rb4+ 35. Kc1 Bc5 36. Rd1 Nc4 37. Rc8 Rb2 38. Rxc5 dxc5 39. d6 Rb8 40. Rd5 Rd8 41. Rxc5 Nxd6 42. Rc7+ Kf6 43. Rxh7 Nxf5 44. Rb7 Ne3 45. Rb6+ Ke5 46. Rb5+ Rd5 47. Rxd5+ Kxd5 48. Kd2 Nxg2 49. a4 Kc4 50. a5 Kb5 51. Kd3 Kxa5 52. Ke2 Nh4 53. Kf2 Kb4 54. Ke2 Kc3 55. Kf2 Kd3 56. Kg1 Ke2 57. Kh2 Kf2 58. Kh1 Nxf3 59. h4 g4 0-1

[Event "Berlin-ch MT"]
[Site "Berlin"]
[Date "2017.04.10"]
[Round "1"]
[White "Gebigke, Martin"]
[Black "Barath, Madhan"]
[Result "0-1"]
[WhiteElo "2105"]
[BlackElo "2213"]
[PlyCount "66"]
[EventDate "2017.04.10"]
[EventType "swiss"]
[EventRounds "9"]
[EventCountry "GER"]
[SourceTitle "CBM 189 Extra"]
[Source "ChessBase"]
[SourceDate "2019.06.03"]
[SourceVersion "1"]
[SourceVersionDate "2019.06.03"]
[SourceQuality "1"]

1. d4 Nf6 2. c4 g6 3. Nc3 Bg7 4. e4 d6 5. Nf3 0-0 6. Be2 e5 7. 0-0 Nc6 8. d5 Ne7 9. Bd2 Nh5 10. Qc1 f5 11. Ng5 f4 12. Ne6 Bxe6 13. dxe6 c6 14. Rd1 Qc8 15. Bg4 Nf6 16. Bh3 g5 17. f3 h5 18. Bf5 Ne8 19. Qc2 d5 20. cxd5 cxd5 21. Rac1 Nd6 22. Qb1 Qc5+ 23. Kh1 Ndxf5 24. Nxd5 Qf2 25. Bb4 Nxd5 26. exd5 Rf6 27. e7 g4 28. Rd2 Qh4 29. d6 gxf3 30. gxf3 Qh3 31. Qd3 Rg6 32. Rf2 Ng3+ 33. Kg1 Ne4+ 0-1

[Event "Berlin Lichtenrade op 12th"]
[Site "Berlin"]
[Date "2016.10.30"]
[Round "9"]
[White "Karpatchev, Aleksandr"]
[Black "Barath, Madhan"]
[Result "0-1"]
[WhiteElo "2463"]
[BlackElo "2244"]
[PlyCount "70"]
[EventDate "2016.10.22"]
[EventType "swiss"]
[EventRounds "9"]
[EventCountry "GER"]
[SourceTitle "EXT 2018"]
[Source "ChessBase"]
[SourceDate "2017.10.13"]
[SourceVersion "1"]
[SourceVersionDate "2017.10.13"]
[SourceQuality "1"]

1. e4 c5 2. c3 Nf6 3. e5 Nd5 4. Nf3 Nc6 5. Bc4 Nb6 6. Bb3 c4 7. Bc2 Qc7 8. Qe2 g5 9. Na3 g4 10. Nb5 Qb8 11. Nh4 a6 12. Nd6+ exd6 13. exd6+ Kd8 14. Qe3 Bxd6 15. Qxb6+ Qc7 16. Qxc7+ Kxc7 17. d4 cxd3 18. Bxd3 Re8+ 19. Kd1 Ne5 20. Re1 Bc5 21. Bf4 d6 22. Bg3 Bd7 23. Bxh7 Rh8 24. Be4 Rh5 25. f3 f5 26. fxg4 Nxg4 27. Bf3 f4 28. Re7 fxg3 29. Rxd7+ Kxd7 30. Bxg4+ Kc7 31. hxg3 Rg5 32. Bf3 Rxg3 33. Nf5 Rg5 34. Ne7 Kd7 35. Nd5 Rf8 0-1

[Event "Berlin Lichtenrade op 12th"]
[Site "Berlin"]
[Date "2016.10.29"]
[Round "8"]
[White "Barath, Madhan"]
[Black "Schmidt, Juergen"]
[Result "1-0"]
[WhiteElo "2244"]
[BlackElo "1953"]
[PlyCount "99"]
[EventDate "2016.10.22"]
[EventType "swiss"]
[EventRounds "9"]
[EventCountry "GER"]
[SourceTitle "EXT 2018"]
[Source "ChessBase"]
[SourceDate "2017.10.13"]
[SourceVersion "1"]
[SourceVersionDate "2017.10.13"]
[SourceQuality "1"]

1. Nf3 Nf6 2. c4 e6 3. e3 d5 4. Nc3 Be7 5. d4 0-0 6. Qc2 Nbd7 7. b3 b6 8. Bb2 Bb7 9. Bd3 Bb4 10. 0-0-0 Bxc3 11. Qxc3 a5 12. c5 c6 13. Kb1 a4 14. b4 a3 15. Ba1 Ba6 16. Bc2 Qe7 17. Kc1 Rfe8 18. Bb1 bxc5 19. bxc5 Reb8 20. Nd2 Ng4 21. Qc2 Rxb1+ 22. Nxb1 Ndf6 23. h3 Nh6 24. Nd2 Qb7 25. g4 Nd7 26. Bc3 Bb5 27. Nb3 Ba4 28. Kd2 Kh8 29. Rb1 Qc7 30. Qc1 Bb5 31. Qg1 f6 32. Qh2 e5 33. Qg3 Nf7 34. h4 Qa7 35. Rhg1 Qa6 36. g5 fxg5 37. hxg5 Bd3 38. Rbe1 Bg6 39. e4 exd4 40. Bxd4 dxe4 41. Re3 Rd8 42. Kc1 Re8 43. f4 Rb8 44. Qe1 Nd8 45. Qc3 Ne6 46. Rd1 Nxf4 47. Bxg7+ Kg8 48. Bh6 Ne5 49. Qxe5 Qc4+ 50. Kb1 1-0

[Event "Berlin Lichtenrade op 12th"]
[Site "Berlin"]
[Date "2016.10.27"]
[Round "6"]
[White "Barath, Madhan"]
[Black "Hofene, Dieter"]
[Result "1/2-1/2"]
[WhiteElo "2244"]
[BlackElo "2056"]
[PlyCount "46"]
[EventDate "2016.10.22"]
[EventType "swiss"]
[EventRounds "9"]
[EventCountry "GER"]
[SourceTitle "EXT 2018"]
[Source "ChessBase"]
[SourceDate "2017.10.13"]
[SourceVersion "1"]
[SourceVersionDate "2017.10.13"]
[SourceQuality "1"]

1. d4 Nf6 2. c4 e6 3. Nc3 Bb4 4. e3 Ne4 5. Qc2 f5 6. Bd3 0-0 7. Bxe4 fxe4 8. Qxe4 d5 9. Qd3 b6 10. a3 Bxc3+ 11. Qxc3 Ba6 12. b3 Qf6 13. Qc2 dxc4 14. bxc4 Bxc4 15. Nf3 Bd5 16. e4 Qg6 17. Qxc7 Bxe4 18. Be3 Na6 19. Qg3 Qxg3 20. hxg3 Bxf3 21. gxf3 Rac8 22. Ke2 Nc7 23. Rac1 Nd5 1/2-1/2

[Event "Berlin-ch MT"]
[Site "Berlin"]
[Date "2016.04.01"]
[Round "7"]
[White "Burger, Heinrich"]
[Black "Barath, Madhan"]
[Result "1/2-1/2"]
[WhiteElo "2100"]
[BlackElo "2001"]
[PlyCount "115"]
[EventDate "2016.03.26"]
[EventType "swiss"]
[EventRounds "9"]
[EventCountry "GER"]
[SourceTitle "EXT 2022"]
[Source "ChessBase"]
[SourceDate "2021.10.06"]
[SourceVersion "1"]
[SourceVersionDate "2021.10.06"]
[SourceQuality "1"]

1. d4 Nf6 2. c4 e6 3. g3 Bb4+ 4. Bd2 Be7 5. Bg2 d5 6. Nf3 0-0 7. 0-0 c6 8. Qc2 b6 9. Rd1 Bb7 10. Bf4 Nbd7 11. Ne5 Nxe5 12. dxe5 Nd7 13. cxd5 cxd5 14. e4 dxe4 15. Nc3 Qc7 16. Bxe4 Bxe4 17. Qxe4 Nc5 18. Qe3 Rad8 19. b4 Na6 20. a3 Rxd1+ 21. Rxd1 Rd8 22. Rc1 Qb7 23. Bg5 Bxg5 24. Qxg5 Rc8 25. Rd1 h6 26. Qe3 Qe7 27. Ne4 Rd8 28. Rc1 Nc7 29. Qe2 Ne8 30. Rc6 Qd7 31. Qc2 Qd1+ 32. Qxd1 Rxd1+ 33. Kg2 Rd8 34. Kf3 Kf8 35. Ke3 Ke7 36. a4 Kd7 37. Rc4 Rc8 38. Rd4+ Ke7 39. Kd2 Rd8 40. Rxd8 Kxd8 41. Kd3 Kd7 42. Kc4 Kc6 43. f4 Kb7 44. g4 Kc6 45. h4 g6 46. h5 gxh5 47. gxh5 Ng7 48. Nf6 Nf5 49. b5+ Kc7 50. Kd3 Kd8 51. Ke4 Ng3+ 52. Kf3 Nf5 53. Ne4 Ke7 54. Nc3 Kd7 55. Na2 Ne7 56. Nb4 Kc7 57. Ke4 Kb7 58. Kd3 1/2-1/2